States that Have Been Blue the Longest - Statistics

General Stats
  • This quiz has been taken 33,959 times
    33,946 since last reset
  • The average score is 5 of 7
Answer Stats
Since Last Republican State % Correct
1988 Reagan New York
95%
1988 Reagan Washington
89%
1988 Reagan Oregon
83%
1988 Reagan Massachusetts
79%
1988 Reagan Rhode Island
78%
1988 Reagan Hawaii
65%
1976 Nixon Minnesota
60%
No matching quizzes found
Score Distribution
Percent of People with Each Score
Percentile by Number Answered
Your Score History
You have not taken this quiz since the last reset